State of repair (Record no. 72827)
[ view plain ]
| 000 -LEADER | |
|---|---|
| fixed length control field | 00990cam a2200229 4500 |
| 001 - CONTROL NUMBER | |
| control field | ABS66820 |
| 008 - FIXED-LENGTH DATA ELEMENTS--GENERAL INFORMATION | |
| fixed length control field | 030604n2002 000 0 eng u |
| 035 ## - SYSTEM CONTROL NUMBER | |
| System control number | (Sirsi) u122525 |
| 100 ## - MAIN ENTRY--PERSONAL NAME | |
| Personal name | Lloyd, M. |
| 245 ## - TITLE STATEMENT | |
| Title | State of repair |
| 260 ## - PUBLICATION, DISTRIBUTION, ETC. | |
| Date of publication, distribution, etc. | 2002 |
| 490 ## - SERIES STATEMENT | |
| Series statement | Inside Housing |
| Volume/sequential designation | 6 December 2002, 22-23(2) |
| 520 ## - SUMMARY, ETC. | |
| Summary, etc. | Reports on the problem facing Scottish private owners and public landlords over repair and maintenance issues on their property. The Scottish Parliament is debating the reform of property but this will not address these issues. Scotland has more commonly owned property than the rest of the UK and these often suffer disproportionately from repair problems. There is no legal framework in Scotland to correct the problem. |
| 590 ## - LOCAL NOTE (RLIN) | |
| Local note | ABS |
| 650 ## - SUBJECT ADDED ENTRY--TOPICAL TERM | |
| Topical term or geographic name entry element | PROPERTY LAW |
| 650 ## - SUBJECT ADDED ENTRY--TOPICAL TERM | |
| Topical term or geographic name entry element | SCOTLAND |
| 650 ## - SUBJECT ADDED ENTRY--TOPICAL TERM | |
| Topical term or geographic name entry element | HOUSING STOCK |
| 650 ## - SUBJECT ADDED ENTRY--TOPICAL TERM | |
| Topical term or geographic name entry element | PRIVATE HOUSING |
| 650 ## - SUBJECT ADDED ENTRY--TOPICAL TERM | |
| Topical term or geographic name entry element | TITLE CONDITIONS (SCOTLAND) ACT 2003 |
| 690 ## - LOCAL SUBJECT ADDED ENTRY--TOPICAL TERM (OCLC, RLIN) | |
| Topical term or geographic name as entry element | HOUSING-PRIVATE RENTED SECTOR |
| 942 ## - ADDED ENTRY ELEMENTS (KOHA) | |
| Suppress in OPAC | 0 |
| Withdrawn status | Lost status | Source of classification or shelving scheme | Damaged status | Not for loan | Home library | Current library | Shelving location | Date acquired | Total Checkouts | Full call number | Barcode | Date last seen | Copy number | Price effective from | Koha item type |
|---|---|---|---|---|---|---|---|---|---|---|---|---|---|---|---|
| Dewey Decimal Classification | London | London | Journal article | 04/06/2003 | ABS66820 | 122525-1001 | 06/08/2019 | 1 | 06/08/2019 | Journal article |